Best Part - Daniel Caesar ft. H.E.R. (Lyrics) - Statistics

General Stats
  • This quiz has been taken 428 times
  • The average score is 270 of 310
Answer Stats
Hint Answer % Correct
Verse1[H.E.R.] You
99%
you
99%
you?
99%
I
98%
a
97%
a
97%
the
96%
when
96%
me
94%
me?
94%
me,
94%
if
92%
Outro[Daniel & H.E.R.] If
92%
it
92%
it,
92%
It
92%
know
92%
my
90%
Intro [H.E.R.] Oh,
90%
oh
90%
that
90%
Pre Chorus | Pre-Chorus You're
90%
you're
90%
best
89%
in
89%
part,
89%
part
89%
and
88%
are
88%
don't
88%
then
88%
it's
87%
Verse2 [Daniel] It's
87%
see
87%
sunshine
87%
hold
86%
how
86%
star
86%
babe
85%
coffee
85%
just
85%
kiss
85%
life
85%
beautiful
84%
follow,
84%
matter
84%
morning
84%
movie,
84%
wanna
84%
is
83%
love
83%
love)
83%
Love
83%
need
83%
no
83%
won't
83%
far
82%
go,
82%
slowly
82%
so
82%
sweetest
82%
pouring
81%
rain
81%
Where
81%
where
81%
all,
78%
give
78%
I'll
78%
to
78%
change
77%
way
77%
eye,
76%
had
76%
say
76%
brown
75%
head
74%
something?
74%
hurts
73%
make
73%
(make
73%
we
73%
desire
72%
feel
72%
one
72%
those
71%
water
71%
would
71%
yourself
71%
desert
70%
up
70%
sunrise
69%
take
69%
wake
69%
I'm
68%
stuck
68%
nice
67%
makes
66%
of
65%
Tylenol
65%
yes
53%
ooh
48%
hey
25%
No matching quizzes found
Score Distribution
Percent of People with Each Score
Percentile by Number Answered
Your Score History
You have not taken this quiz